Development commercial insurance in the period 1995-2005 in Poland

Poisťovníctvo vo všeobecnosti. Koncentrácia poľského poistného trhu. Poistné výhody a straty. Technické rezervy. Vývoj poisťovníctva v Poľsku v rokoch 1995-2005.

Salvato in:
Dettagli Bibliografici
Autore principale: Kafková, Eva
Altri autori: Szkarlat, Anna
Natura: Capitolo di libro
Lingua:inglese
Soggetti:
Tags: Aggiungi Tag
Nessun Tag, puoi essere il primo ad aggiungerne!!

MARC

LEADER 00000naa$a2200000$$$4500
001 0082974
005 20240502083221.1
041 0 |a eng 
044 |a UA 
245 1 0 |a Development commercial insurance in the period 1995-2005 in Poland  |c Eva Kafková, Anna Szkarlat 
520 |a Poisťovníctvo vo všeobecnosti. Koncentrácia poľského poistného trhu. Poistné výhody a straty. Technické rezervy. Vývoj poisťovníctva v Poľsku v rokoch 1995-2005. 
610 2 0 |a poistenie 
610 2 0 |a poisťovníctvo 
610 2 0 |a trh poistný 
610 2 0 |a Poľsko 
610 2 0 |a 1995-2005 
100 1 |a Kafková, Eva 
700 1 |a Szkarlat, Anna